[Event "III Open"]
[Site "Dos Hermanas ESP"]
[Date "2002.04.12"]
[Round "8"]
[White "Rizouk,A"]
[Black "Calvo,J"]
[Result "1-0"]
[WhiteElo "2467"]
[BlackElo "2285"]

1.e4 d6 2.d4 Nf6 3.Nc3 Nbd7 4.f4 e5 5.Nf3 exd4 6.Qxd4 c6 7.Be3 d5 8.exd5 Bc5
9.Qd3 Qe7 10.Nd4 Nb6 11.dxc6 bxc6 12.Be2 Nfd5 13.Nxd5 Nxd5 14.Bd2 O-O 15.Nxc6 Qd6
16.Bf3 Re8+ 17.Ne5 Be6 18.c4 f6 19.Bxd5 fxe5 20.O-O-O Rac8 21.fxe5 Qa6 22.Kb1 Rcd8
23.Bc3 Kh8 24.h3 Rf8 25.g4 Bf7 26.Rhf1 Bg6 27.Rf5 h6 28.Qf3 Qa4 29.Ka1 Kh7
30.b3 Qa3 31.Be4 Bxf5 32.gxf5 Bb4 33.f6+ Kg8 34.Bb2 Qa6 35.Qf5  1-0

[Event "Classics IMA"]
[Site "Gausdal NOR"]
[Date "2002.04.13"]
[Round "3"]
[White "Bosch,Je"]
[Black "Kasparov,S"]
[Result "1/2-1/2"]
[WhiteElo "2454"]
[BlackElo "2458"]

1.e4 d6 2.d4 Nf6 3.Nc3 e5 4.Nf3 Nbd7 5.Bc4 Be7 6.O-O O-O 7.a4 c6 8.Re1 b6
9.Ba2 a6 10.h3 Rb8 11.Bg5  1/2-1/2

[Event "ch-CUB"]
[Site "Holguin City CUB"]
[Date "2002.04.13"]
[Round "12"]
[White "Herrera,I"]
[Black "Alvarez,Jose"]
[Result "1-0"]
[WhiteElo "2474"]
[BlackElo "2403"]

1.e4 d6 2.d4 Nf6 3.Nc3 e5 4.dxe5 dxe5 5.Qxd8+ Kxd8 6.Bg5 Be6 7.O-O-O+ Nd7
8.f4 exf4 9.Nf3 h6 10.Bxf4 Bb4 11.Nb5 Ba5 12.Ne5 g5 13.Bg3 Bb6 14.Bc4 Re8
15.Rhf1 Be3+ 16.Kb1 Bxc4 17.Nxc4 Bf4 18.Bxf4 gxf4 19.Rxf4 Kc8 20.e5 a6 21.Nbd6+ cxd6
22.Nxd6+  1-0

[Event "XI ch-MKD"]
[Site "Gevgelija MKD"]
[Date "2002.04.14"]
[Round "13"]
[White "Dancevski,O"]
[Black "Stojanovski,D"]
[Result "1/2-1/2"]
[WhiteElo "2429"]
[BlackElo "2416"]

1.e4 d6 2.d4 Nf6 3.Nc3 e5 4.Nf3 Nbd7 5.Bc4 Be7 6.O-O O-O 7.Re1 c6 8.a4 a5
9.h3 h6 10.b3 exd4 11.Qxd4 Ne5 12.Be2 Be6 13.Ba3 Qc7 14.Rad1 Rad8 15.Qe3 Nxf3+
16.Qxf3 d5 17.Bxe7 Qxe7 18.exd5 Nxd5 19.Bc4 Qb4 20.Ne4 Rfe8 21.Qg3 Kh8 22.c3 Qe7
23.Bf1 f5 24.Nd2 Qf6 25.Nb1 f4 26.Qf3 Bf5 27.Rxe8+  1/2-1/2

[Event "10th Hotel Opatija GM"]
[Site "Kastav CRO"]
[Date "2002.04.15"]
[Round "8"]
[White "Rogulj,B"]
[Black "Loncar,R"]
[Result "1/2-1/2"]
[WhiteElo "2452"]
[BlackElo "2442"]

1.e4 d6 2.d4 Nf6 3.Nc3 Nbd7 4.Nf3 e5 5.Bc4 h6 6.O-O g6 7.a4 Bg7 8.dxe5 dxe5
9.b3 O-O 10.Ba3 c5 11.Qd6 Re8 12.Rad1 Bf8 13.Qd2 a6 14.h3 Qc7 15.Nd5 Nxd5
16.exd5 Qd6 17.Rfe1 b5 18.Bf1 Bg7 19.Qe3 Bb7 20.c4 b4 21.Bb2 Re7 22.Nd2 f5
23.Qg3 Rae8 24.f3 Kh7 25.Bd3 Nf6 26.Bb1 Nh5 27.Qf2 e4 28.Bxg7 e3 29.Rxe3 Rxe3
30.Ne4 fxe4 31.Qxe3 Nxg7 32.fxe4 Re7 33.Rf1 Nf5 34.Qf2 Nd4 35.Bd3 Qe5 36.Qf8 Qg7
37.d6 Qxf8 38.Rxf8 Rd7 39.e5 Nc6 40.Re8 Kg7 41.Be4 Kf7 42.Rh8 Nxe5 43.Bxb7 Rxd6
44.Bd5+ Kg7 45.Rc8 Nd3 46.Re8 Nf4 47.Bf3 Rd3 48.Re5 Rxb3 49.Rxc5 Nxh3+ 50.Kh2 Nf4
51.Rc7+ Kf6 52.c5 Ne6 53.Rc8 Rc3 54.c6 Ke5 55.Ra8 Nd4 56.Rxa6 Nxf3+ 57.gxf3 Kd6
58.Rb6 Rxf3 59.Rxb4 Kxc6 60.a5 Ra3  1/2-1/2

[Event "10th Hotel Opatija GM"]
[Site "Kastav CRO"]
[Date "2002.04.15"]
[Round "8"]
[White "Fontaine,R"]
[Black "Topalovic,Z"]
[Result "1-0"]
[WhiteElo "2469"]
[BlackElo "2223"]

1.e4 d6 2.d4 Nf6 3.Nc3 e5 4.Nf3 Nbd7 5.Bc4 Be7 6.O-O O-O 7.Re1 c6 8.a4 a5
9.b3 Qc7 10.h3 h6 11.Ba3 Re8 12.Qd2 Nb6 13.Bf1 Be6 14.Qe3 Nfd7 15.Rad1 Rad8
16.d5 cxd5 17.exd5 Bf5 18.Nb5 Qb8 19.c4 Nc8 20.Bd3 Bxd3 21.Qxd3 b6 22.b4 axb4
23.Bxb4 Na7 24.Nd2 Rc8 25.Ne4 Nxb5 26.cxb5 f5 27.Ng3 e4 28.Qa3 g6 29.f3 Ne5
30.fxe4 f4 31.Ne2 Rf8 32.Nd4 Rc4 33.Rf1 Rxd4 34.Rxd4 g5 35.Rdd1 f3 36.Bc3 Ng6
37.Ba1 g4 38.hxg4 fxg2 39.Kxg2 Qc8 40.Rxf8+ Bxf8 41.Kg3 Be7 42.Rf1 Bh4+ 43.Kh3 Bg5
44.Qxd6  1-0

[Event "ch-CUB"]
[Site "Holguin City CUB"]
[Date "2002.04.16"]
[Round "14"]
[White "De la Paz,F"]
[Black "Alvarez,Jose"]
[Result "1/2-1/2"]
[WhiteElo "2427"]
[BlackElo "2403"]

1.e4 d6 2.d4 Nf6 3.Nc3 Nbd7 4.Nf3 e5 5.Bc4 Be7 6.O-O O-O 7.Re1 c6 8.a4 b6
9.b3 a6 10.Bb2 Bb7 11.Qd2 b5 12.Bd3 Re8 13.Rad1 Qc7 14.Ne2 Bf8 15.Ng3 g6
16.h4 Bg7 17.h5 Ng4 18.Bf1 Nf8 19.hxg6 hxg6 20.Nh2 Nxh2 21.Kxh2 Ne6  1/2-1/2

[Event "Classics IMA"]
[Site "Gausdal NOR"]
[Date "2002.04.17"]
[Round "8"]
[White "Johansson,Th"]
[Black "Kasparov,S"]
[Result "0-1"]
[WhiteElo "2241"]
[BlackElo "2458"]

1.e4 d6 2.d4 Nf6 3.Nc3 e5 4.Nf3 Nbd7 5.Bc4 Be7 6.h3 O-O 7.Be3 c6 8.Bb3 b5
9.a3 Bb7 10.O-O a5 11.dxe5 dxe5 12.Nd2 Nc5 13.Bxc5 Bxc5 14.Qe2 a4 15.Ba2 Qb6
16.Rfe1 Rfe8 17.Qf3 Rad8 18.Rad1 Bc8 19.Nf1 Be6 20.Ng3 Bxa2 21.Nxa2 Rxd1
22.Rxd1 Rd8 23.Rxd8+ Qxd8 24.Qe2 g6 25.Nc1 Bb6 26.Nd3 Qd6 27.c3 c5 28.Kf1 c4
29.Nb4 Bc5 30.Nc2 h5 31.Ke1 h4 32.Nf1 Nh5 33.Nce3 Nf4 34.Qd2 Qd3 35.Qxd3 Nxd3+
36.Ke2 Nxb2 37.Nc2 Nd3 38.Nfe3 Kg7 39.g3 Kh6 40.gxh4 Kh5 41.f3 Kxh4 42.Nd5 Kxh3
43.Nc7 Kg3  0-1

[Event "ch-YUG w"]
[Site "Kotor YUG"]
[Date "2002.04.19"]
[Round "7"]
[White "Mijovic,A"]
[Black "Kostic,M"]
[Result "0-1"]
[WhiteElo "2123"]
[BlackElo "2170"]

1.e4 d6 2.d4 Nf6 3.Nc3 e5 4.Bc4 Be7 5.Nf3 Nbd7 6.O-O O-O 7.Re1 c6 8.a4 b6
9.b3 Bb7 10.Ba3 a6 11.b4 b5 12.Bb3 exd4 13.Nxd4 c5 14.Nf5 c4 15.Ba2 Ne5 16.Bb2 Bc6
17.Qd4 Qc7 18.Re3 Rfd8 19.Nxe7+ Qxe7 20.Nd5 Bxd5 21.exd5 Qb7 22.Rd1 Re8 23.Rg3 Ng6
24.h4 Re4 25.Qd2 Rxh4 26.Rf3 Nd7 27.Re3 Rh5 28.Qd4 Nf6 29.Qc3 Rxd5 30.Rde1 Re5
31.Qd2 Nf4 32.Rg3 Rxe1+ 33.Qxe1 Re8  0-1

[Event "XX Open"]
[Site "Metz FRA"]
[Date "2002.04.19"]
[Round "7"]
[White "Sprenger,J"]
[Black "Bratanov,Z"]
[Result "0-1"]
[WhiteElo "2464"]
[BlackElo "2400"]

1.e4 d6 2.d4 Nf6 3.Nc3 e5 4.Nf3 Nbd7 5.Bc4 Be7 6.O-O O-O 7.a4 c6 8.Re1 b6
9.b3 Bb7 10.d5 cxd5 11.Nxd5 Rc8 12.Nxf6+ Nxf6 13.Bd3 d5 14.exd5 e4 15.Bxe4 Nxe4
16.Rxe4 Bf6 17.Ra2 Bxd5 18.Re1 Bc3 19.Re3 Bxb3 20.Rd3 Bxa2 21.Rxd8 Rfxd8
22.Bd2 Rc7 23.Qc1 Bxd2 24.Nxd2 Bc4 25.Nf1 Bxf1 26.Kxf1 Rdc8 27.Qd1 Rxc2 28.Qd7 R2c7
29.Qd6 Rc1+ 30.Ke2 g6 31.g3 h5 32.Kf3 R1c5 33.Kg2 Ra5 34.Qd4 Rc2 35.Qd8+ Kg7
36.Qd3 Rc6 37.Qd4+ Kh7 38.h3 Rac5 39.Qd7 Rf6 40.Qd3 Rcf5 41.f4 h4 42.Qa6 Ra5
43.Qc4 hxg3 44.Kxg3 Raf5 45.Qa6 Ra5 46.Qc4 Kh6 47.Qc8 Kg7 48.Qc4 Rc5 49.Qd4 Rf5
50.Qd3 a5 51.Qd7 Rxf4 52.Kg2 Rc4 53.Qe8 Re6 54.Qd7 Ree4 55.Qd8 Rc2+ 56.Kf3 Rxa4  0-1

[Event "XX Open"]
[Site "Metz FRA"]
[Date "2002.04.21"]
[Round "9"]
[White "Degraeve,JM"]
[Black "Badea,B"]
[Result "1-0"]
[WhiteElo "2591"]
[BlackElo "2477"]

1.e4 d6 2.d4 Nf6 3.Nc3 e5 4.Nf3 Nbd7 5.Bc4 Be7 6.O-O O-O 7.Re1 c6 8.a4 b6
9.d5 cxd5 10.Nxd5 Bb7 11.b3 Rc8 12.Re2 Re8 13.Ba3 Bf8 14.Nc3 Nc5 15.Bxc5 Rxc5
16.Qd3 h6 17.Rae1 Qa8 18.Nh4 Nh5 19.g3 Nf6 20.Nf5 a6 21.Qf3 Qd8 22.Rd1 g6
23.Ne3 b5 24.axb5 axb5 25.Ng4 Bg7 26.Nxf6+ Qxf6 27.Qxf6 Bxf6 28.Nxb5 Be7
29.Nxd6 Rd8 30.Red2 Rxd6 31.Rxd6 Bxd6 32.Rxd6 Bxe4 33.Rd8+ Kg7 34.Rd7 Bxc2
35.Rxf7+ Kh8 36.f3 Ra5 37.Kf2 Ra3 38.Rb7 e4 39.f4 Ra1 40.b4 Ra3 41.b5 Rc3
42.Be2 Rb3 43.Re7 h5 44.Bc4 Rb4 45.Rc7 Bd3 46.Bxd3 exd3 47.Rb7 Re4 48.Rd7 Rb4
49.Rd5 Rb2+ 50.Ke3 d2 51.Ke2 Kg7 52.Rc5 Kf6 53.Rc6+ Kf5 54.b6 h4 55.gxh4 Kg4
56.Rxg6+ Kxh4 57.f5 Kh5 58.Rc6 Kg5 59.f6  1-0

[Event "VIII Leonardo di Bona Open"]
[Site "Cutro ITA"]
[Date "2002.04.25"]
[Round "3"]
[White "Jonkman,H"]
[Black "Efimov,I"]
[Result "1-0"]
[WhiteElo "2520"]
[BlackElo "2446"]

1.e4 d6 2.d4 Nf6 3.Nc3 e5 4.Nf3 exd4 5.Nxd4 Be7 6.Be2 O-O 7.O-O Re8 8.Re1 Bf8
9.Bf1 h6 10.Bf4 Nbd7 11.Nf5 Nc5 12.Ng3 Bd7 13.f3 Be6 14.Qd2 c6 15.Be3 b5
16.b4 Ncd7 17.Nce2 Ne5 18.Nd4 Bd7 19.Ndf5 d5 20.Bc5 Bxc5+ 21.bxc5 Bxf5 22.Nxf5 dxe4
23.Nd6 Re6 24.Nxe4 Nxe4 25.Qxd8+ Rxd8 26.Rxe4 Rd5 27.a4 Rxc5 28.axb5 cxb5
29.Rxa7 Rxc2 30.Ra8+ Kh7 31.Rxe5 Rxg2+ 32.Kxg2 Rxe5 33.Rb8 Rd5 34.Rxb5 Rd2+
35.Kg3 Rd7 36.Bc4 g6 37.Bd5 Kg7 38.Be4 h5 39.h4 Rd4 40.Rb7 Rd6 41.Rc7 Rd8
42.Bc2 Rd6 43.Bb3 Rf6 44.Bc4 Kf8 45.Bd5 Rf5 46.Be4 Re5 47.Kf4 Ra5 48.Rd7 Ke8
49.Rd5 Ra1 50.Kg5 Kf8 51.Kh6 Rh1 52.Rd7 Rg1 53.Bd5 Rd1 54.Rxf7+ Ke8 55.Be6 Rd6
56.Rf6  1-0

[Event "Open"]
[Site "Dubai UAE"]
[Date "2002.04.25"]
[Round "9"]
[White "Shetty,R"]
[Black "Belkhodja,S"]
[Result "1-0"]
[WhiteElo "2356"]
[BlackElo "2506"]

1.e4 d6 2.d4 Nf6 3.Nc3 Nbd7 4.f4 e5 5.Nf3 exd4 6.Qxd4 c6 7.Bc4 d5 8.exd5 Bc5
9.Qd3 O-O 10.dxc6 bxc6 11.Bd2 Re8+ 12.Kf1 Qc7 13.Re1 Rxe1+ 14.Kxe1 Nb6 15.Ne5 Nxc4
16.Qxc4 Bd6 17.Qxc6 Qb8 18.Ne4 Bb7 19.Qxd6 Bxe4 20.Qxb8+ Rxb8 21.b3 Bxg2
22.Rg1 Be4 23.c4 Bb1 24.Ke2 Bxa2 25.b4 Re8 26.Kd3 Rd8+ 27.Kc2 Nd7 28.Bc3 Nxe5
29.Bxe5 Bxc4 30.Rxg7+ Kf8 31.Kc3 Bd3 32.Rg3 Bg6 33.b5 f5 34.Kb4 Be8 35.Rg7 Bxb5
36.Kxb5 Rd5+ 37.Kc6 Rxe5 38.fxe5  1-0

[Event "TUR-BUL Chess Summit"]
[Site "Istanbul TUR"]
[Date "2002.04.25"]
[Round "1"]
[White "Olcayoz,A"]
[Black "Andonov,B"]
[Result "1-0"]
[WhiteElo "2294"]
[BlackElo "2364"]

1.d4 d6 2.e4 Nf6 3.Nc3 c6 4.a4 a5 5.h3 Na6 6.Nf3 Nb4 7.Be2 d5 8.e5 Bf5 9.exf6 Nxc2+
10.Kf1 Nxa1 11.Bf4 exf6 12.Qxa1 Bd6 13.Qc1 O-O 14.g4 Be6 15.Bd3 Re8 16.Kg2 Qd7
17.Ne2 Re7 18.Bxd6 Qxd6 19.Qd2 Bd7 20.Rc1 Qb4 21.Qc2 g6 22.Nf4 Rae8 23.Bf1 Qd6
24.Qd2 Re4 25.Nd3 b6 26.b4 axb4 27.Qxb4 Qxb4 28.Nxb4 Ra8 29.Bd3 Rxa4 30.Nxc6 Re8
31.g5 Ra3 32.Nb4 Be6 33.Bb5 Rf8 34.Nc6 Rb3 35.Be2 fxg5 36.Nxg5 Bd7 37.Ne7+ Kg7
38.Nxd5 Rc8 39.Rxc8 Bxc8 40.Ne3 h6 41.Ne4 Bb7 42.d5 f5 43.Nd6 Ba8 44.Bf3 b5
45.Ne8+ Kf8 46.Nc7 f4 47.Ne6+ Ke7 48.Nxf4 g5 49.Ne2 Ra3 50.Nc2 Ra2 51.Nb4 Rb2
52.Nd3 Rd2 53.Nb4 Rb2 54.Nd3 Rd2 55.Nb4 Kd6 56.Nc3 Rd4 57.Nxb5+  1-0

[Event "VIII Leonardo di Bona Open"]
[Site "Cutro ITA"]
[Date "2002.04.26"]
[Round "4"]
[White "Ristic,Nen"]
[Black "Georgiev,Vl"]
[Result "0-1"]
[WhiteElo "2464"]
[BlackElo "2502"]

1.e4 d6 2.d4 Nf6 3.Nc3 e5 4.Nf3 Nbd7 5.Bc4 Be7 6.O-O O-O 7.Re1 c6 8.a4 b6
9.h3 a6 10.Bg5 Bb7 11.Ba2 b5 12.d5 b4 13.dxc6 Bxc6 14.Bxf6 Nxf6 15.Nd5 Nxd5
16.Bxd5 Rc8 17.Re2 Qa5 18.Rd2 Qc5 19.Ne1 Kh8 20.Qe2 Bg5 21.Rd3 f5 22.Bxc6 Qxc6
23.exf5 Rxf5 24.Rf3 Rxf3 25.Nxf3 Bf6 26.Qd2 Qxc2 27.Qxb4 e4 28.Nd4 Qc5 29.Qxc5 dxc5
30.Nf5 Bxb2 31.Re1 g6 32.Nd6 Rb8 33.Rxe4 Bd4 34.g4 Rb6 35.Nf7+ Kg7 36.Ng5 Rb4
37.Kg2 a5 38.Re7+ Kf6 39.Rf7+ Ke5 40.Rxh7 Rxa4 41.Nf3+ Ke4 42.Re7+ Kd3 43.Rd7 Kc2
44.Rc7 Kb3 45.h4 Bc3 46.Kg3 Rc4 47.Rb7+ Rb4 48.Ra7 a4 49.Ng1 Be5+ 50.Kh3 a3
51.Ne2 Bb2 52.h5 gxh5 53.g5 a2  0-1

[Event "Bundesliga 2001-2"]
[Site "Hamburg GER"]
[Date "2002.04.28"]
[Round "15"]
[White "Kindermann,S"]
[Black "Buhr,CC"]
[Result "1/2-1/2"]
[WhiteElo "2514"]
[BlackElo "2385"]

1.e4 d6 2.d4 Nf6 3.Nc3 e5 4.Nf3 Nbd7 5.Bc4 Be7 6.O-O O-O 7.a4 c6 8.Qe2 b6
9.Rd1 Qc7 10.h3 Bb7 11.dxe5 dxe5 12.Nh4 Nc5 13.Nf5 Rad8 14.Bg5 Bc8 15.Rxd8 Rxd8
16.Rd1 Ne6 17.Nxe7+ Qxe7 18.Rxd8+ Qxd8 19.Be3 Nd4 20.Qd3 c5 21.Nd5 Nxd5 22.Bxd5 Be6
23.Bxe6  1/2-1/2

[Event "OUCC Open"]
[Site "Oxford ENG"]
[Date "2002.04.28"]
[Round "4"]
[White "Bigg,A"]
[Black "Smallbone,K"]
[Result "1-0"]
[WhiteElo "2251"]
[BlackElo "2110"]

1.d4 d6 2.e4 Nf6 3.Nc3 c6 4.f4 Qb6 5.e5 Nd5 6.Nxd5 cxd5 7.Bd3 Nc6 8.c3 g6
9.Qf3 e6 10.Qe2 h5 11.Nf3 Bd7 12.O-O Ne7 13.Nh4 Nf5 14.Nxf5 gxf5 15.exd6 Bxd6
16.Be3 O-O-O 17.b3 Rdg8 18.c4 dxc4 19.bxc4 Qc7 20.Rac1 Rg4 21.Qd2 Rhg8 22.Rf2 h4
23.Be2 R4g7 24.Bf3 Kb8 25.c5 Be7 26.d5 exd5 27.Bd4 f6 28.Bxd5 Rd8 29.c6 bxc6
30.Qb2+ Qb7 31.Be5+ Ka8 32.Qxb7+ Kxb7 33.Rb2+ Ka8 34.Rxc6 Be6 35.Rc8+  1-0

[Event "Kuban Spring"]
[Site "Krasnodar RUS"]
[Date "2002.04.??"]
[Round "?"]
[White "Skorchenko,D"]
[Black "Gukasian,R"]
[Result "1-0"]
[WhiteElo "2431"]
[BlackElo "2416"]

1.e4 d6 2.d4 Nf6 3.Nc3 c6 4.f4 Qa5 5.Bd3 e5 6.Nf3 Bg4 7.Be3 Nbd7 8.O-O Be7
9.Qe1 Bxf3 10.gxf3 Nh5 11.Ne2 Qb6 12.Qf2 exf4 13.Nxf4 Nxf4 14.Bxf4 c5 15.c3 O-O
16.Be3 cxd4 17.cxd4 d5 18.Kh1 Kh8 19.Rae1 f5 20.exd5 Bb4 21.Re2 Qd6 22.a3 Ba5
23.Bb1 Bd8 24.Ba2 Nb6 25.Bd2 a5 26.Re6 Qd7 27.Bf4 Ra6 28.d6 Nc8 29.Qg3 Bf6
30.Be5 f4 31.Qxf4 Qd8 32.Qg3  1-0

[Event "59th ch-POL"]
[Site "Warsaw POL"]
[Date "2002.05.03"]
[Round "5"]
[White "Bartel,Mat"]
[Black "Cyborowski,L"]
[Result "1/2-1/2"]
[WhiteElo "2417"]
[BlackElo "2510"]

1.e4 d6 2.d4 Nf6 3.Nc3 e5 4.Nf3 Nbd7 5.Bc4 Be7 6.O-O O-O 7.a4 c6 8.Ba2 a5
9.Re1 Qb6 10.h3 exd4 11.Nxd4 Nc5 12.Qf3 Qb4 13.Rd1 Be6 14.Bxe6 fxe6 15.Qe2 Nfd7
16.Na2 Qb6 17.Be3 Qc7 18.Nc3 Rae8 19.Rf1 d5 20.Nf3 Nf6 21.e5 Nfe4 22.Bxc5 Nxc3
23.bxc3 Bxc5 24.g3 Rf5 25.Rae1 Ref8 26.Nd4 Bxd4 27.cxd4 Rf3 28.Qd2 b5 29.c3 bxa4
30.Ra1 Qb7 31.Rxa4 Rxg3+ 32.fxg3 Rxf1+ 33.Kxf1 Qb5+ 34.Kf2 Qxa4 35.Qb2 h6
36.h4 Qb5 37.Qa3 a4 38.Ke3 Kh7 39.h5 Qc4 40.Kd2 Qb5 41.Ke3 Qa6 42.Kd2 Qc4
43.Ke3 Kg8 44.Kd2 Qb5 45.Ke3 Kh7 46.Kd2 Kh8 47.Qf8+ Kh7 48.Qa3 Kg8 49.Ke3 c5
50.dxc5 Kf7 51.Kd2 Ke8 52.c6 Qxc6 53.Qb4 Qa6 54.Qb8+ Kf7 55.Qc7+  1/2-1/2

[Event "ch-UKR"]
[Site "Alushta UKR"]
[Date "2002.05.05"]
[Round "3"]
[White "Tukhaev,A"]
[Black "Drozdovskij,Y"]
[Result "0-1"]
[WhiteElo "2193"]
[BlackElo "2449"]

1.e4 d6 2.d4 Nf6 3.Nc3 Nbd7 4.f4 e5 5.Nf3 exd4 6.Qxd4 c6 7.Bd2 Qb6 8.O-O-O Qxd4
9.Nxd4 Nc5 10.Re1 Be7 11.g3 O-O 12.Bg2 Re8 13.e5 dxe5 14.fxe5 Nfd7 15.b4 Ne6
16.Nxe6 fxe6 17.b5 c5 18.a4 Nb6 19.h4 Rb8 20.Re4 Nd5 21.Rc4 Rd8 22.Rd1 b6
23.Ne4 Bb7 24.Bh3 Nc7 25.Ng5 Bd5 26.Rg4 Rf8 27.Re1 Rf2 28.h5 Rh2 29.h6 Bxg5
30.Rxg5 g6 31.Bf1 Rf8 32.Bf4 Rxh6 33.c4 Bb7 34.Be2 Rh2 35.Be3 Ne8 36.Bd1 Ng7
37.Rg4 Nf5 38.Bg5 h6 39.Bf6 g5 40.Kb1 Kf7 41.Kc1 Kg6 42.Bc2 Bf3 43.Rge4 Rxc2+
44.Kxc2 Bxe4+ 45.Rxe4 Nxg3 46.Re1 Nh5 47.Be7 Rf7 48.Bd6 g4 49.Kd3 g3 50.a5 Nf4+
51.Ke4 Nh3  0-1

[Event "4NCL"]
[Site "Birmingham ENG"]
[Date "2002.05.06"]
[Round "11"]
[White "Shaw,D"]
[Black "Simons,M"]
[Result "0-1"]
[WhiteElo "2211"]
[BlackElo "2230"]

1.e4 d6 2.d4 Nf6 3.Nc3 c6 4.f3 Nbd7 5.Bc4 e5 6.dxe5 dxe5 7.Be3 Qc7 8.Qd2 Be7
9.O-O-O b5 10.Bxb5 cxb5 11.Nxb5 Qb8 12.Qa5 O-O 13.a3 a6 14.Nc3 Bb7 15.g4 Bc6
16.Nd5 Bxd5 17.exd5 Rc8 18.g5 Qb3 19.Qd2 Rab8  0-1

[Event "Croatian Cup"]
[Site "Pula CRO"]
[Date "2002.05.07"]
[Round "1"]
[White "Mestrovic,Z"]
[Black "Loncar,R"]
[Result "1/2-1/2"]
[WhiteElo "2402"]
[BlackElo "2436"]

1.Nc3 d6 2.d4 Nf6 3.e4 Nbd7 4.f4 e5 5.Nf3 exd4 6.Qxd4 c6 7.e5 dxe5 8.fxe5 Bc5
9.Qf4 Qe7 10.Be2 Nd5 11.Nxd5 cxd5 12.Be3 Bxe3 13.Qxe3 Qb4+ 14.c3 Qe4 15.Qd4 O-O
16.Rd1 Nb6 17.Qxe4 dxe4 18.Ng5 Bf5 19.O-O Bg6 20.Rd4 Rae8 21.Nxe4 Rxe5 22.Bf3 Nc8
23.Nd6 Nxd6 24.Rxd6 Re7 25.Rfd1 Bf5 26.Rd8 g6 27.Rxf8+ Kxf8 28.Rd8+ Kg7 29.a4 b6
30.Kf2 Rd7 31.Rxd7 Bxd7 32.a5 Kf6 33.axb6 axb6 34.Bd5  1/2-1/2

[Event "Dutch Team Playoffs"]
[Site "Enschede NED"]
[Date "2002.05.09"]
[Round "1"]
[White "Blees,A"]
[Black "Rebers,E"]
[Result "1/2-1/2"]
[WhiteElo "2354"]
[BlackElo "2342"]

1.d4 d6 2.e4 Nf6 3.Nc3 e5 4.Nf3 Nbd7 5.Bc4 Be7 6.O-O O-O 7.Re1 c6 8.a4 b6
9.h3 a6 10.d5 cxd5 11.Nxd5 Bb7 12.Nxe7+ Qxe7 13.Bg5 Rac8 14.Nd2 Rfd8 15.Ra3 h6
16.Bh4 g5 17.Bg3 Nc5 18.f3 Nh5 19.Bf2 Nf4 20.Bf1 d5 21.b4 Nce6 22.Bxb6 Rd7
23.Rb3 dxe4 24.fxe4 Qd6 25.Be3 Nd4 26.Rb2 Rc3 27.Bxf4 exf4 28.Bd3 Nc6 29.Nb1 Rc4
30.b5 Qd4+ 31.Kh1 Qxb2 32.bxc6 Bxc6 33.Qh5 Rxa4 34.Qxh6 f6 35.e5 f3 36.Qxf6 fxg2+
37.Kh2 Qb6 38.Nc3 Rf7 39.Nd5 g1=Q+ 40.Rxg1 Qf2+ 41.Qxf2 Rxf2+ 42.Kg3 Rf7
43.Nf6+ Kg7 44.Rb1 Rb7 45.Rf1 Bb5 46.Nh5+  1/2-1/2

[Event "Croatian Cup"]
[Site "Pula CRO"]
[Date "2002.05.09"]
[Round "3"]
[White "Zufic,M"]
[Black "Cvitan,O"]
[Result "0-1"]
[WhiteElo "2310"]
[BlackElo "2570"]

1.e4 d6 2.d4 Nf6 3.Nc3 e5 4.Nf3 Nbd7 5.Bc4 Be7 6.O-O O-O 7.a4 a5 8.Re1 c6
9.b3 exd4 10.Nxd4 Nb6 11.Bf1 d5 12.e5 Ne8 13.Bd3 g6 14.Nce2 Ng7 15.Ng3 Re8
16.Bh6 Bb4 17.Bd2 Bf8 18.h3 Nd7 19.Nf3 Qc7 20.Bc3 Ne6 21.Qd2 Bg7 22.Re2 b6
23.Rae1 Bb7 24.Nf1 c5 25.N1h2 Rad8 26.Qc1 h5 27.Bb5 Bc6 28.Bxc6 Qxc6 29.Bd2 c4
30.Bh6 Bh8 31.Qd2 d4 32.bxc4 Ndc5 33.Ng5 d3 34.cxd3 Nxd3 35.Nxe6 Qxe6 36.Rd1 Qxc4
37.Nf3 Nf4 38.Qxd8 Nxe2+ 39.Kh2 Rxd8 40.Rxd8+ Kh7  0-1

[Event "Oceana zt"]
[Site "Warwick Fiji FIJ"]
[Date "2002.05.10"]
[Round "7"]
[White "Norris,D"]
[Black "Bennett,H"]
[Result "0-1"]
[WhiteElo "2220"]
[BlackElo "2055"]

1.d4 Nf6 2.Nc3 d6 3.e4 c6 4.Bg5 Qb6 5.a3 e5 6.Nf3 Bg4 7.Be3 Qa5 8.b4 Qc7
9.Be2 Nbd7 10.O-O Be7 11.Ne1 Bxe2 12.Qxe2 O-O 13.f4 Rfe8 14.Nd3 Bf8 15.Qf3 a5
16.Rae1 axb4 17.axb4 Ra3 18.fxe5 dxe5 19.Ne2 Bd6 20.Bc1 Ra2 21.c3 exd4 22.Nxd4 Bxh2+
23.Kh1 Ne5 24.Nxe5 Qxe5 25.Bg5 Qxg5 26.Kxh2 h6 27.Nf5 Ng4+ 28.Kg1 Ne5 29.Qh3 Ng6
30.g3 Rc2 31.g4 Ne5 32.Qh5 Qxg4+ 33.Qxg4 Nxg4 34.Nd6 Rd8  0-1

[Event "Croatian Cup"]
[Site "Pula CRO"]
[Date "2002.05.11"]
[Round "5"]
[White "Jovanovic,Zo2"]
[Black "Jurkovic,A"]
[Result "1/2-1/2"]
[WhiteElo "2373"]
[BlackElo "2330"]

1.e4 d6 2.d4 Nf6 3.Nc3 e5 4.dxe5 dxe5 5.Qxd8+ Kxd8 6.Nf3 Bd6 7.Bg5 c6 8.O-O-O Ke7
9.Bc4 Be6 10.Bxe6 fxe6 11.Rd3  1/2-1/2

[Event "Open"]
[Site "Pula CRO"]
[Date "2002.05.12"]
[Round "1"]
[White "Pilgaard,K"]
[Black "Ilic,Ve"]
[Result "1-0"]
[WhiteElo "2426"]
[BlackElo "2080"]

1.e4 d6 2.d4 Nf6 3.Nc3 Nbd7 4.Be3 e5 5.Be2 Be7 6.h3 c6 7.a4 a5 8.Nf3 O-O
9.O-O Re8 10.Re1 exd4 11.Bxd4 h6 12.Bf1 Bf8 13.Nd2 Ne5 14.f4 Ng6 15.Qf3 Qc7
16.Rad1 Nd7 17.Bf2 Nc5 18.Kh1 Bd7 19.Bg3 Rad8 20.Qh5 Bc8 21.Bc4 Kh7 22.Nf3 d5
23.exd5 Rxe1+ 24.Rxe1 Nxf4 25.dxc6 g6 26.Qh4 Bd6 27.Nb5  1-0

[Event "XI MKD-Cup"]
[Site "Stip MKD"]
[Date "2002.05.12"]
[Round "5"]
[White "Dimitrievski,D"]
[Black "Georgiev,Vl"]
[Result "0-1"]
[WhiteElo "2256"]
[BlackElo "2502"]

1.e4 d6 2.d4 Nf6 3.Nc3 e5 4.dxe5 dxe5 5.Qxd8+ Kxd8 6.Bd2 Bd6 7.O-O-O Ke7
8.f3 c6 9.g4 b5 10.Nge2 Nbd7 11.Ng3 g6 12.h4 Ne8 13.h5 Rg8 14.hxg6 hxg6 15.Be3 Nf8
16.Rd2 a6 17.Rdh2 Ne6 18.Rh8 Rxh8 19.Rxh8 Bb8 20.Nd1 Ba7 21.Bxa7 Rxa7 22.c3 Ng5
23.Be2 Be6 24.b3 a5 25.Kb2 Nc7 26.Nf2 Bd7 27.Nd3 Kd6 28.Rh6 Nce6 29.Nf5+ gxf5
30.gxf5 Ra8 31.fxe6 Bxe6 32.Rh2 Rg8 33.Rg2 f6 34.Rh2 Nh3 35.Bf1 Ng1 36.Ne1 Rg3
37.Rg2 Rxg2+ 38.Bxg2 b4 39.Bf1 Bf7 40.a3 bxc3+ 41.Kxc3 Bh5 42.Bg2 Ne2+ 43.Kd2 Nd4
44.Kc3 Nb5+ 45.Kb2 Kc5 46.Nc2 Nd4 47.Ne1 Ne2 48.Nc2 Nf4 49.Bh1 Bf7 50.Kc3 Ne2+
51.Kb2 Nd4 52.b4+ axb4 53.axb4+ Kc4 54.Ne3+ Kxb4 55.Ng4 c5 56.Nxf6 c4 57.Nd5+ Bxd5
58.exd5 c3+ 59.Ka2 Ne2  0-1

[Event "XI MKD-Cup"]
[Site "Stip MKD"]
[Date "2002.05.12"]
[Round "5"]
[White "Ilic,Mi"]
[Black "Stojanovski,D"]
[Result "0-1"]
[WhiteElo "2198"]
[BlackElo "2416"]

1.e4 d6 2.d4 Nf6 3.Nc3 e5 4.Nf3 Nbd7 5.Bg5 Be7 6.Qd2 O-O 7.O-O-O c6 8.h3 b5
9.Bd3 Qc7 10.Ne2 Re8 11.g4 a6 12.Ng3 c5 13.d5 c4 14.Bf1 Nc5 15.Re1 Rb8 16.Bxf6 Bxf6
17.g5 Be7 18.Nf5 Na4 19.Re3 c3 20.bxc3 Qc5 21.Kd1 Bxf5 22.exf5 Rbc8 23.f6 Bf8
24.c4 bxc4 25.Re4 c3 26.Qe3 Qxd5+ 27.Bd3 Nc5 28.Ke2 Nxe4 29.Bxe4 Qc4+ 30.Bd3 Qf4
31.Bxa6 Rc5 32.Qxf4 exf4+ 33.Kd3 d5 34.a4 Re6 35.Bb5 gxf6 36.Rg1 fxg5 37.Rxg5+ Bg7
38.Rf5 Rf6 39.Re5 Re6 40.Rf5 Re4 41.Rg5 Kf8 42.Rg1 Bf6 43.Ra1 Ke7 44.Rg1 Rb4
45.Rg8 Rc7 46.Re8+ Kd6 47.Ra8 Kc5 48.Ra6 Bg7 49.Ke2 Rb1 50.Ng5 h6 51.Nh7 Rh1
52.Nf6 Bxf6 53.Rxf6 Rxh3 54.Rxf4 Re7+ 55.Kf1 Rh5 56.Rf3 Kb4 57.Rf4+ d4  0-1

[Event "Open"]
[Site "Pula CRO"]
[Date "2002.05.13"]
[Round "2"]
[White "Bakre,T"]
[Black "Denoth,M"]
[Result "1-0"]
[WhiteElo "2458"]
[BlackElo "2240"]

1.e4 d6 2.d4 Nf6 3.Nc3 e5 4.Nf3 Nbd7 5.Bc4 Be7 6.O-O O-O 7.Re1 c6 8.a4 b6
9.d5 cxd5 10.Nxd5 Nxd5 11.Bxd5 Rb8 12.c4 a5 13.Bd2 Nc5 14.b4 axb4 15.Bxb4 Qc7
16.Bxc5 Qxc5 17.Qb3 Ba6 18.Rec1 Kh8 19.Ne1 f5 20.Nd3 Qc8 21.Nb4 Bb7 22.Bxb7 Rxb7
23.Nd5 Bd8 24.exf5 Qxf5 25.Ra2 Rff7 26.Rd1 Qc8 27.Qb4 Qe6 28.Rad2 Bg5 29.Ne3 Bxe3
30.Rxd6 Bxf2+ 31.Kh1 Rbd7 32.Rxd7 h6 33.Rxf7 Qxf7 34.Rd8+ Kh7 35.Rf8 Bc5
36.Qb1+  1-0

[Event "Open"]
[Site "Pula CRO"]
[Date "2002.05.14"]
[Round "4"]
[White "Kutuzovic,B"]
[Black "Topalovic,Z"]
[Result "1/2-1/2"]
[WhiteElo "2406"]
[BlackElo "2211"]

1.e4 d6 2.d4 Nf6 3.Nc3 e5 4.Nf3 Nbd7 5.Bc4 Be7 6.O-O O-O 7.Re1 c6 8.a4 a5
9.h3 exd4 10.Nxd4 Nc5 11.Bf4 Be6 12.Bf1 Qb6 13.b3 Rad8 14.Qf3 d5 15.exd5 Nxd5
16.Nxe6 fxe6 17.Nxd5 cxd5 18.Qe3 Qb4 19.Be5 Qh4 20.f3 b6 21.Rad1 Bd6 22.Rd4  1/2-1/2

[Event "Tanta Open"]
[Site "Tanta City EGY"]
[Date "2002.05.14"]
[Round "2"]
[White "Keshk,A"]
[Black "Rahman,Ye"]
[Result "1/2-1/2"]
[WhiteElo "2170"]
[BlackElo "2345"]

1.e4 d6 2.d4 Nf6 3.Nc3 c6 4.f4 Qa5 5.Bd3 e5 6.dxe5 dxe5 7.f5 b5 8.Bd2 Qb6
9.Qe2 Bc5 10.Nh3 Nbd7 11.a4 b4 12.a5 Qc7 13.Na4 Qxa5 14.Ra3 Be7 15.O-O Qc7
16.Raa1 c5 17.Nf2 Bb7 18.b3 h6 19.Nb2 Nb8 20.c3 bxc3 21.Bxc3 Nc6 22.Bb5 O-O
23.Bxc6 Qxc6 24.Rfe1 Rfe8 25.Nc4 Bd6 26.Na5 Qc8 27.Nc4 Bc7 28.Rad1 Ba6 29.g4 Rb8
30.Qc2 Bxc4 31.bxc4 Qa6 32.Bd2 Red8 33.Ra1 Qb7 34.Reb1 Bb6 35.Be3 Qc6 36.Rd1 Rxd1+
37.Rxd1 Rd8 38.Rxd8+ Bxd8 39.Kg2 a5 40.Kf3 a4 41.Qc3 Nd7 42.Nd3 Bc7 43.Qa3 Bd6
44.h4 Qa6 45.Nb2 Nb6 46.g5 Nxc4 47.Qxa4 Qxa4 48.Nxa4 Nxe3 49.Kxe3 c4 50.Nb2 hxg5
51.hxg5 Be7 52.Nxc4 Bxg5+ 53.Kf3 Bf6 54.Ne3 Be7 55.Nd5 Bd6 56.Kg4 Kf8 57.Kg5 Ke8
58.Ne3 Kd7 59.Ng4 Bc7 60.Ne3 Kd6 61.Nd5 Ba5  1/2-1/2